000 01079nam a22002417a 4500
003 OSt
005 20230719133607.0
008 201126b2016 dr ac 00| 0 spa d
040 _aDO-SdBNP
_bspa
_cBPMSU
082 _a337.142
_bS471i 2015
_222
111 2 _aSeminario Internacional "Los Signos de los Nuevos Tiempos y los Procesos de Integración en Centroamérica y el Caribe"
_n(1o. :
_ddel 19 al 21 de octubre de 2015
_cSanto Domingo)
245 1 0 _aMemorias /
_cpresentación Miguel Mejía.
260 _aSanto Domingo :
_bMinisterio para Políticas de Integración Regional,
_c2016.
300 _a214 p. :
_bil., retrs. ;
_c23 cm.
490 0 _aEducar para integrar,
_v4
590 _aInventariado, 2023/VM
650 4 _aIntegración regional
_zAmérica Latina.
_vEnsayos, conferencias, etc.
_y
650 4 _aIntegración económica
_zAmérica Latina.
_vEnsayos, conferencias, etc.
650 4 _aIntegración económica
_zCaribe (Región, República Dominicana)
700 1 _aMejía, Miguel,
_epresentación
910 _aVMateo V. Control de calidad. BPMSU
942 _2ddc
_cBK
999 _c13678
_d13678